000 00531nam a2200193Ia 4500
005 20250508160906.0
008 008 250505s9999 xx 000 0 hin d
037 _aTextual
040 _aFEDL
_beng
_cFEDL
041 _ahin
_2eng
084 _a370.1, SAF
_qFEDL
100 _aSafaya Raghunath
_984050
245 0 _aShiksha ke siddhant tatha shiksan vidhiya
300 _a330p.
650 _aEducation - Philosophy
700 _a Shyda B. D.
_9769690
942 _cTEXL
_h370.1, SAF
999 _c1367230
_d1367230